000 01083nam a22002897a 4500
001 BD-DhSAU 8849
003 BD-DhSAU
005 20181212100536.0
008 150420b2017 bg ||||| m||| 00| 0 eng d
040 _aBD-DhSAU
082 _222
_a635
_bJ243
100 _eRegistration # 11-04259
_a Jamil , Nusrat
245 _aGrowth and yield of Kohlrabi as influenced by Fertilizers and Mulches /
_bMS thesis
_c Jamil , Nusrat
260 _aSher-e-Bangla Agricultural University :
_bDepartment of Horticulture,
_c2017
300 _aviii, 53 p. :
_c30 cm.
_bill. ;
500 _aMS thesis of Department of Horticulture, Faculty of Agriculture, Sher-e-Bangla Agricultural University, Dhaka
504 _aIncludes bibliographical reference.
590 _aShofi
650 _aHorticulture
650 _aKohlrabi
650 _aFertilizers
650 _aMulches
700 _a Akand , Md. Hasanuzzaman
_eSuperviser
700 _a Uddain , Jasim
_eCo-superviser
856 _uhttp://archive.saulibrary.edu.bd:8080/xmlui/handle/123456789/99
_yOnline Access
942 _2ddc
_cTHESIS
999 _c14406
_d14405